[Event "EWICC 2019"]
[Site "Antalya"]
[Date "2019.04.11"]
[Round "1.21"]
[White "Gaponenko, Inna"]
[Black "Kusenkova, Natallia"]
[Result "1-0"]
[WhiteElo "2428"]
[BlackElo "2211"]
[Annotator "TA"]
[PlyCount "179"]
[EventDate "2019.04.11"]
[EventType "swiss"]
[EventCountry "TUR"]
[SourceTitle "playchess.com"]
[Source "ChessBase"]
[SourceQuality "1"]

1. e4 e5 2. Nf3 Nc6 3. d4 exd4 4. Bc4 Nf6 5. e5 d5 6. Bb5 Ne4 7. Nxd4 Bd7 8. Bxc6 bxc6 9. O-O Bc5 10. f3 Ng5 11. f4 Ne4 12. Be3 Bb6 13. Nd2 Nxd2 14. Qxd2 c5 15. Nf3 Bf5 16. a4 a5 17. c3 O-O 18. Rfd1 c6 19. Qf2 Qe7 20. Nd2 f6 21. exf6 Rxf6 22. Re1 Re6 23. Nf3 Re8 24. Ne5 Rf8 25. c4 d4 26. Bd2 Qd6 27. Qf3 Bc7 28. Nd3 Bxd3 29. Qxd3 Rfe8 30. Rxe6 Rxe6 31. g3 Qe7 32. Kf2 h6 33. Re1 Rxe1 34. Bxe1 Qe6 35. Qe2 Qxe2+ 36. Kxe2 Kf7 37. Kf3 g6 38. Bd2 h5 39. h3 Ke6 40. Ke4 Bd8 41. g4 hxg4 42. hxg4 Bc7 43. Be1 Kf6 44. Bh4+ Ke6 45. Bg5 Bb6 46. Bh6 Bc7 47. Bf8 Bd6 48. f5+ gxf5+ 49. gxf5+ Kd7 50. Bh6 Bc7 51. Bg5 Bd8 52. Bd2 Bc7 53. Bg5 Bd8 54. f6 Ke6 55. f7 Be7 56. Bd2 Kxf7 57. Ke5 Bf8 58. Bxa5 Ke7 59. b4 Kd7 60. b5 Bg7+ 61. Ke4 Bf8 62. Bb6 cxb5 63. cxb5 Kc8 64. a5 Kb7 65. Bd8 Bd6 66. a6+ Ka7 67. Ba5 Bg3 68. Bd8 Bb8 69. Kd3 Bd6 70. Kc4 Bf8 71. Ba5 Be7 72. Kd5 Bg5 73. Kc4 Bf4 74. Bd8 Be3 75. Be7 d3 76. Kxd3 Bg1 77. Kc4 Kb6 78. Bd8+ Ka7 79. Bc7 Bf2 80. Ba5 Be3 81. Kd5 Bd4 82. Kc6 c4 83. Kd5 Be3 84. Kxc4 Bf4 85. Kd5 Bg5 86. Kc6 Bf4 87. Bc7 Be3 88. Bd6 Bg5 89. Bc5+ Ka8 90. b6 1-0

[Event "EWICC 2019"]
[Site "Antalya"]
[Date "2019.04.11"]
[Round "1.22"]
[White "Utiatskaja, Irina"]
[Black "Bodnaruk, Anastasia"]
[Result "1/2-1/2"]
[WhiteElo "2210"]
[BlackElo "2427"]
[Annotator "NA"]
[PlyCount "121"]
[EventDate "2019.04.11"]
[EventType "swiss"]
[EventCountry "TUR"]
[SourceTitle "playchess.com"]
[Source "ChessBase"]
[SourceQuality "1"]

1. Nf3 Nf6 2. c4 g6 3. Nc3 Bg7 4. e4 d6 5. d4 O-O 6. Be2 e5 7. d5 a5 8. Bg5 Na6 9. Nd2 Qe8 10. g4 Nd7 11. h4 Ndc5 12. h5 f5 13. gxf5 gxf5 14. Rg1 Kh8 15. a3 Bd7 16. Qc2 h6 17. Be3 fxe4 18. Ncxe4 Bf5 19. O-O-O Qe7 20. Bg4 Bh7 21. f3 a4 22. Rg3 Rab8 23. Rdg1 b5 24. Bh3 Rf7 25. cxb5 Rxb5 26. Bf1 Rb8 27. Bxa6 Nxa6 28. Qxa4 Nc5 29. Nxc5 dxc5 30. Ne4 c4 31. Qxc4 Qf8 32. Bc5 Qe8 33. Bb4 Bf5 34. Bc3 Qe7 35. Qc5 Kh7 36. Qxe7 Rxe7 37. d6 cxd6 38. Nxd6 Bd7 39. f4 Bh8 40. fxe5 Rxe5 41. Bxe5 Bxe5 42. Rg6 Bxb2+ 43. Kd2 Rf8 44. Re1 Rf2+ 45. Kd3 Rf3+ 46. Kc2 Bf6 47. Rxf6 Ba4+ 48. Kd2 Rxf6 49. Re7+ Kg8 50. Ne4 Rf5 51. Re6 Rxh5 52. Ra6 Rh2+ 53. Ke3 Bc2 54. Nf6+ Kg7 55. Ng4 Rh4 56. Ra7+ Kf8 57. Nf6 Ra4 58. Rxa4 Bxa4 59. Ng4 Kg7 60. Nxh6 Kxh6 61. Ke4 1/2-1/2

[Event "EWICC 2019"]
[Site "Antalya"]
[Date "2019.04.11"]
[Round "1.23"]
[White "Houska, Jovanka"]
[Black "Aghasiyeva, Fidan"]
[Result "1-0"]
[WhiteElo "2426"]
[BlackElo "2209"]
[Annotator "NA"]
[PlyCount "75"]
[EventDate "2019.04.11"]
[EventType "swiss"]
[EventCountry "TUR"]
[SourceTitle "playchess.com"]
[Source "ChessBase"]
[SourceQuality "1"]

1. d4 e6 2. c4 f5 3. g3 Nf6 4. Bg2 d5 5. Nf3 c6 6. Qc2 Bd6 7. Bf4 O-O 8. O-O Bxf4 9. gxf4 Ne4 10. e3 Qe8 11. Nc3 Nd7 12. Ne2 Ndf6 13. Ne5 Kh8 14. c5 Nh5 15. f3 Nef6 16. Kh1 Bd7 17. a4 Qe7 18. Nc3 Be8 19. Qf2 Nd7 20. Nd3 Rf6 21. Rg1 Rh6 22. Bf1 Bg6 23. b4 a6 24. Ra2 Rg8 25. b5 Nb8 26. bxa6 Nxa6 27. Rb2 Be8 28. Ne5 g5 29. Bxa6 bxa6 30. fxg5 Rxg5 31. Rb8 Rg8 32. Nxc6 Qf8 33. Ne5 Rxg1+ 34. Qxg1 Qe7 35. c6 Nf6 36. Rb7 Qf8 37. c7 Bd7 38. Rb8 1-0

[Event "EWICC 2019"]
[Site "Antalya"]
[Date "2019.04.11"]
[Round "1.24"]
[White "Ghukasyan, Siranush"]
[Black "Zawadzka, Jolanta"]
[Result "1/2-1/2"]
[WhiteElo "2201"]
[BlackElo "2418"]
[Annotator "ChessBase"]
[PlyCount "80"]
[EventDate "2019.04.11"]
[EventType "swiss"]
[EventCountry "TUR"]
[SourceTitle "playchess.com"]
[Source "ChessBase"]
[SourceQuality "1"]

1. e4 e5 2. Nf3 Nc6 3. Bb5 a6 4. Ba4 d6 5. c3 Bd7 6. O-O g6 7. d4 Bg7 8. Re1 h6 9. Be3 Nf6 10. Bxc6 Bxc6 11. dxe5 dxe5 12. Qxd8+ Rxd8 13. Nxe5 Bxe4 14. Nd2 O-O 15. Nxe4 Nxe4 16. Bxh6 Bxh6 17. Rxe4 Rd2 18. Rb4 Rfd8 19. g3 b5 20. Nf3 Rd1+ 21. Rxd1 Rxd1+ 22. Kg2 Rb1 23. Ne5 c5 24. Rb3 Bg7 25. Nd7 c4 26. Ra3 Rxb2 27. Rxa6 Bxc3 28. a4 Bd4 29. axb5 c3 30. b6 c2 31. Ra8+ Kg7 32. Rc8 Bxf2 33. Kf3 Be1 34. Rxc2 Rxc2 35. b7 Rf2+ 36. Ke3 Rb2 37. b8=Q Bf2+ 38. Ke4 Rxb8 39. Nxb8 Kf6 40. Nc6 Bg1 1/2-1/2

[Event "EWICC 2019"]
[Site "Antalya"]
[Date "2019.04.11"]
[Round "1.25"]
[White "Salimova, Nurgyul"]
[Black "Hernandez Estevez, Yudania"]
[Result "1-0"]
[WhiteElo "2415"]
[BlackElo "2198"]
[Annotator "NA"]
[PlyCount "143"]
[EventDate "2019.04.11"]
[EventType "swiss"]
[EventCountry "TUR"]
[SourceTitle "playchess.com"]
[Source "ChessBase"]
[SourceQuality "1"]

1. Nf3 Nf6 2. d4 d5 3. g3 c6 4. Bg2 Bf5 5. O-O e6 6. b3 Bd6 7. Bb2 Nbd7 8. Nbd2 O-O 9. c4 a5 10. Re1 a4 11. Nh4 Bb4 12. Nxf5 exf5 13. a3 Ba5 14. b4 Bb6 15. cxd5 cxd5 16. Nf1 Qe7 17. Ne3 Qe6 18. Qd3 Ne4 19. Rac1 Ndf6 20. Bf3 Rfe8 21. Rc2 h5 22. Ng2 Qd7 23. h4 Bc7 24. Bc1 Rac8 25. Be3 Bd6 26. Rec1 Rxc2 27. Qxc2 Bb8 28. Bf4 g6 29. Bxb8 Rxb8 30. Nf4 Re8 31. Kg2 Kg7 32. e3 Qe7 33. Nd3 Nd6 34. Qxa4 Nc4 35. Nf4 Rd8 36. b5 Nd2 37. Qb4 Qxb4 38. axb4 Nxf3 39. Kxf3 Ra8 40. Rc7 Ne4 41. Ne6+ Kg8 42. Ng5 Ra2 43. Nxe4 fxe4+ 44. Kg2 Rb2 45. Rxb7 Rxb4 46. b6 Kg7 47. Rb8 Rb1 48. b7 Kf6 49. g4 hxg4 50. Kg3 Kf5 51. Rd8 Rxb7 52. Rxd5+ Ke6 53. Re5+ Kd6 54. Rxe4 f5 55. Re8 Kd7 56. Rg8 Rb6 57. Rg7+ Ke8 58. h5 gxh5 59. Rh7 f4+ 60. Kxf4 Rf6+ 61. Kg3 Rf3+ 62. Kg2 Rf5 63. e4 Ra5 64. d5 Ra4 65. e5 Ra5 66. Rh8+ Kd7 67. Rxh5 Ke7 68. Rh7+ Kf8 69. d6 Rxe5 70. d7 Kg8 71. d8=Q+ Kxh7 72. Qc7+ 1-0

[Event "EWICC 2019"]
[Site "Antalya"]
[Date "2019.04.11"]
[Round "1.26"]
[White "Radeva, Viktoria"]
[Black "Danielian, Elina"]
[Result "0-1"]
[WhiteElo "2192"]
[BlackElo "2413"]
[Annotator "ChessBase"]
[PlyCount "114"]
[EventDate "2019.04.11"]
[EventType "swiss"]
[EventCountry "TUR"]
[SourceTitle "playchess.com"]
[Source "ChessBase"]
[SourceQuality "1"]

1. e4 c5 2. Nf3 e6 3. d4 cxd4 4. Nxd4 Nc6 5. Nc3 d6 6. Be2 Nf6 7. O-O Be7 8. Be3 a6 9. f4 Qc7 10. Qe1 O-O 11. Kh1 Nxd4 12. Bxd4 b5 13. e5 dxe5 14. Bxe5 Qb6 15. Qg3 Bb7 16. Bd3 Nh5 17. Qh3 g6 18. Ne4 f6 19. Bc3 b4 20. Bd2 Rad8 21. Rae1 Ng7 22. Nf2 f5 23. Nd1 Bf6 24. Ne3 a5 25. Nc4 Qc7 26. Be3 Bd4 27. b3 Rd5 28. Bxd4 Rxd4 29. Qe3 Rfd8 30. Qe5 Qxe5 31. Rxe5 Nh5 32. Nxa5 Bd5 33. Bc4 Nxf4 34. Bxd5 R8xd5 35. Rxd5 Nxd5 36. Nc4 Kg7 37. h3 g5 38. Re1 Kf6 39. Kh2 h5 40. Ne5 g4 41. Nd7+ Ke7 42. Ne5 Rd2 43. hxg4 hxg4 44. Nc6+ Kd6 45. Nd8 Nf4 46. Kg3 Nxg2 47. Rg1 Ne3 48. Nxe6 Kxe6 49. Re1 Kf6 50. Rxe3 Kg5 51. Re5 Rxc2 52. Rb5 Rd2 53. Ra5 Rd3+ 54. Kg2 Kf4 55. Rb5 Rd2+ 56. Kf1 Rxa2 57. Rxb4+ Kf3 0-1

[Event "EWICC 2019"]
[Site "Antalya"]
[Date "2019.04.11"]
[Round "1.27"]
[White "Buksa, Nataliya"]
[Black "Janzelj, Lara"]
[Result "1-0"]
[WhiteElo "2407"]
[BlackElo "2182"]
[Annotator "ChessBase"]
[PlyCount "78"]
[EventDate "2019.04.11"]
[EventType "swiss"]
[EventCountry "TUR"]
[SourceTitle "playchess.com"]
[Source "ChessBase"]
[SourceQuality "1"]

1. e4 e5 2. Nf3 Nc6 3. Bb5 a6 4. Ba4 Nf6 5. O-O Be7 6. Re1 b5 7. Bb3 d6 8. c3 O-O 9. h3 Nb8 10. d4 Nbd7 11. c4 Bb7 12. Nc3 b4 13. Nd5 Nxd5 14. cxd5 exd4 15. Nxd4 Bf6 16. Nc6 Bxc6 17. dxc6 Ne5 18. Qc2 Ng6 19. a3 bxa3 20. Rxa3 Be5 21. g3 Kh8 22. Kg2 Qc8 23. Ra5 Rb8 24. Be3 Rb5 25. Rea1 Rxa5 26. Rxa5 Qa8 27. Bd5 f5 28. f4 Bf6 29. exf5 Ne7 30. g4 Re8 31. Kf3 Qb8 32. Be6 Qb4 33. Rxa6 Qe1 34. Qc1 Qh4 35. Kg2 Rb8 36. Bf2 Qh6 37. g5 Qh5 38. gxf6 gxf6 39. Qc3 Ra8 1-0

[Event "EWICC 2019"]
[Site "Antalya"]
[Date "2019.04.11"]
[Round "1.28"]
[White "Teuschler, Barbara"]
[Black "Guseva, Marina"]
[Result "0-1"]
[WhiteElo "2180"]
[BlackElo "2404"]
[Annotator "NA"]
[PlyCount "116"]
[EventDate "2019.04.11"]
[EventType "swiss"]
[EventCountry "TUR"]
[SourceTitle "playchess.com"]
[Source "ChessBase"]
[SourceQuality "1"]

1. d4 d5 2. Bf4 Nf6 3. e3 c5 4. c3 Nc6 5. Nd2 Bf5 6. Ngf3 e6 7. Qb3 Qc8 8. Nh4 c4 9. Qa4 a6 10. Nxf5 exf5 11. Qc2 Be7 12. Be2 O-O 13. O-O Qe6 14. b4 Ne4 15. Nxe4 fxe4 16. Bg3 f5 17. Rae1 g6 18. Bd1 Nb8 19. a4 Nd7 20. f3 b6 21. Qd2 Rae8 22. fxe4 Qxe4 23. h3 Qe6 24. Kh1 Nf6 25. Bc2 Bd6 26. Qf2 Kh8 27. Bxd6 Qxd6 28. Qf4 Qd7 29. Qh4 Ne4 30. Bxe4 Rxe4 31. g4 Qe8 32. Qh6 f4 33. Rf3 Kg8 34. Kg2 Qe7 35. h4 Qe6 36. Kh3 Re8 37. Ref1 Rxe3 38. Qxf4 h5 39. Kg3 Re4 40. Qf7+ Qxf7 41. Rxf7 Rxg4+ 42. Kh3 Re3+ 43. R1f3 Rge4 44. Kg3 Rxf3+ 45. Rxf3 Kg7 46. b5 axb5 47. axb5 Re2 48. Kf4 Kf6 49. Kg3+ Kg7 50. Kf4 Re4+ 51. Kg3 Rg4+ 52. Kh3 Rg1 53. Re3 Rb1 54. Re5 Rxb5 55. Kg3 Rb3 56. Rxd5 Rxc3+ 57. Kf4 Rh3 58. Rd7+ Kh6 0-1

[Event "EWICC 2019"]
[Site "Antalya"]
[Date "2019.04.11"]
[Round "1.29"]
[White "Arabidze, Meri"]
[Black "Motycakova, Monika"]
[Result "1/2-1/2"]
[WhiteElo "2399"]
[BlackElo "2174"]
[Annotator "NA"]
[PlyCount "52"]
[EventDate "2019.04.11"]
[EventType "swiss"]
[EventCountry "TUR"]
[SourceTitle "playchess.com"]
[Source "ChessBase"]
[SourceQuality "1"]

1. c4 e5 2. Nc3 Nf6 3. Nf3 Nc6 4. e3 Bb4 5. Qc2 Bxc3 6. Qxc3 Qe7 7. a3 O-O 8. b4 d5 9. cxd5 Nxd5 10. Qc5 Qxc5 11. bxc5 f6 12. e4 Nde7 13. Bc4+ Kh8 14. Rb1 Rd8 15. h3 b6 16. Be2 Be6 17. cxb6 axb6 18. Bb2 Na5 19. d4 exd4 20. Nxd4 Ba2 21. Ra1 Bf7 22. f4 Nc4 23. Bxc4 Bxc4 24. Kf2 c5 25. Nf3 Kg8 26. Rhd1 Bb3 1/2-1/2

[Event "EWICC 2019"]
[Site "Antalya"]
[Date "2019.04.11"]
[Round "1.30"]
[White "Petrova, Irina"]
[Black "Osmak, Iulija"]
[Result "0-1"]
[WhiteElo "2164"]
[BlackElo "2399"]
[Annotator "NA"]
[PlyCount "110"]
[EventDate "2019.04.11"]
[EventType "swiss"]
[EventCountry "TUR"]
[SourceTitle "playchess.com"]
[Source "ChessBase"]
[SourceQuality "1"]

1. d4 e6 2. Nf3 f5 3. g3 d5 4. Bg2 Bd6 5. O-O Nf6 6. c4 c6 7. b3 Qe7 8. a4 a5 9. Ba3 Bxa3 10. Nxa3 Nbd7 11. Nc2 O-O 12. Nce1 dxc4 13. bxc4 e5 14. dxe5 Nxe5 15. Nxe5 Qxe5 16. Nf3 Qc5 17. Nd2 Be6 18. Qc2 Rad8 19. Rab1 Rd7 20. Nb3 Qb4 21. Rfc1 Rfd8 22. e3 Qxa4 23. Nd4 Qxc2 24. Rxc2 Kf7 25. Rcb2 c5 26. Nxe6 Rd1+ 27. Bf1 Kxe6 28. Rxb7 a4 29. R7b6+ Kf7 30. Rb7+ Kg6 31. Rxd1 Rxd1 32. f3 Nd7 33. Ra7 Ne5 34. Rxa4 Nxf3+ 35. Kg2 Nxh2 36. Kxh2 Rxf1 37. Kg2 Rc1 38. Kf3 h5 39. Ra6+ Kg5 40. Ra7 g6 41. Ra4 Rc2 42. Ra8 Rxc4 43. Rc8 Rc1 44. Rc6 c4 45. Rc5 c3 46. e4 c2 47. Kg2 Re1 48. Rxc2 Rxe4 49. Rc6 h4 50. gxh4+ Rxh4 51. Kf3 Rh3+ 52. Kg2 Ra3 53. Rb6 f4 54. Rc6 Kf5 55. Rb6 g5 0-1

[Event "EWICC 2019"]
[Site "Antalya"]
[Date "2019.04.11"]
[Round "1.31"]
[White "Mkrtchian, Lilit"]
[Black "Represa Perez, Mireya"]
[Result "1-0"]
[WhiteElo "2397"]
[BlackElo "2164"]
[Annotator "ChessBase"]
[PlyCount "99"]
[EventDate "2019.04.11"]
[EventType "swiss"]
[EventCountry "TUR"]
[SourceTitle "playchess.com"]
[Source "ChessBase"]
[SourceQuality "1"]

1. d4 Nf6 2. c4 e6 3. Nc3 Bb4 4. e3 b6 5. Bd3 Bb7 6. Nf3 Ne4 7. O-O Bxc3 8. bxc3 O-O 9. Ne1 f5 10. f3 Nf6 11. Qe2 d6 12. a4 a5 13. e4 fxe4 14. fxe4 e5 15. dxe5 dxe5 16. Ba3 c5 17. Nf3 Qe8 18. Nh4 Bc6 19. Bc2 Ra7 20. Nf5 Rd7 21. Rab1 Qd8 22. Bc1 Qc7 23. Bg5 Qb7 24. Nh6+ Kh8 25. Ng4 Rd6 26. Nxe5 Re6 27. Ng4 Nbd7 28. e5 Bxg2 29. Qxg2 Qxg2+ 30. Kxg2 Nxg4 31. Bf5 Rxf5 32. Rxf5 Ngxe5 33. Rd1 h6 34. Bf4 g6 35. Bxe5+ Nxe5 36. Rf4 Kg7 37. Kg3 Rf6 38. Rxf6 Kxf6 39. Rd6+ Kf7 40. Rxb6 Nxc4 41. Rb5 Nd6 42. Rxa5 Ne4+ 43. Kf4 Nxc3 44. Ke5 g5 45. Ra7+ Kg6 46. a5 g4 47. a6 Nb5 48. Rb7 Nd4 49. Rb6+ Kg5 50. a7 1-0

[Event "EWICC 2019"]
[Site "Antalya"]
[Date "2019.04.11"]
[Round "1.32"]
[White "Trippold, Denise"]
[Black "Milliet, Sophie"]
[Result "0-1"]
[WhiteElo "2158"]
[BlackElo "2394"]
[Annotator "NA"]
[PlyCount "56"]
[EventDate "2019.04.11"]
[EventType "swiss"]
[EventCountry "TUR"]
[SourceTitle "playchess.com"]
[Source "ChessBase"]
[SourceQuality "1"]

1. d4 Nf6 2. c4 c5 3. d5 g6 4. Nc3 Bg7 5. e4 d6 6. h3 O-O 7. Nf3 e6 8. Bd3 Nbd7 9. O-O e5 10. a3 h6 11. Be3 Nh7 12. Qd2 f5 13. Bxh6 f4 14. Bxg7 Kxg7 15. Be2 Ndf6 16. b4 b6 17. Rfb1 Rh8 18. a4 cxb4 19. Rxb4 g5 20. Nh2 g4 21. hxg4 Ng5 22. f3 Qc7 23. Nd1 Qc5+ 24. Nf2 Bd7 25. Bf1 Rh7 26. Kh1 Nfxe4 27. fxe4 Nxe4 28. Nxe4 Rxh2+ 0-1

[Event "EWICC 2019"]
[Site "Antalya"]
[Date "2019.04.11"]
[Round "1.33"]
[White "Melia, Salome"]
[Black "Petrenko, Svetlana"]
[Result "1/2-1/2"]
[WhiteElo "2393"]
[BlackElo "2155"]
[Annotator "NA"]
[PlyCount "161"]
[EventDate "2019.04.11"]
[EventType "swiss"]
[EventCountry "TUR"]
[SourceTitle "playchess.com"]
[Source "ChessBase"]
[SourceQuality "1"]

1. e4 c5 2. Nf3 Nc6 3. Bb5 Qb6 4. Nc3 e6 5. Bxc6 Qxc6 6. d4 d6 7. dxc5 Qxc5 8. Be3 Qc7 9. Qd3 a6 10. O-O-O b5 11. a3 Bb7 12. Bf4 Rd8 13. Rhe1 Nf6 14. h3 Be7 15. g4 O-O 16. g5 Nh5 17. Bh2 Qc5 18. h4 b4 19. axb4 Qxb4 20. Nd4 g6 21. Nb3 d5 22. Bc7 dxe4 23. Qe2 e3 24. Bxd8 Bxd8 25. Rd4 Qe7 26. fxe3 Bb6 27. Rd3 Bc6 28. Qg4 Rc8 29. Kb1 Qc7 30. Rd2 Be8 31. Ne4 Qc4 32. Nf6+ Nxf6 33. Qxc4 Rxc4 34. gxf6 Rxh4 35. e4 Bb5 36. e5 h5 37. Rd6 Bc7 38. Rd2 Rg4 39. Nd4 Be8 40. c3 h4 41. Rh2 Kh7 42. Nf3 g5 43. Re4 Rg3 44. Nxh4 gxh4 45. Rexh4+ Kg6 46. Rh8 Bxe5 47. R2h6+ Kg5 48. Rh5+ Kxf6 49. Rxe8 a5 50. Ra8 Bc7 51. Rc5 Bf4 52. Rcxa5 e5 53. Re8 Kf5 54. c4 Ke4 55. c5 Rg1+ 56. Ka2 Rc1 57. b4 Kd4 58. Ra7 Kc3 59. Rxf7 Kxb4 60. Rb8+ Kc3 61. Rb3+ Kd4 62. Rb4+ Kd5 63. Rd7+ Kc6 64. Rbb7 Rxc5 65. Rbc7+ Kb5 66. Rxc5+ Kxc5 67. Kb3 Kc6 68. Rd1 Kc5 69. Kc3 Be3 70. Kd3 Bd4 71. Ke4 Kc4 72. Rc1+ Kb5 73. Kd5 Kb4 74. Rc8 Kb3 75. Ke4 Kb4 76. Kd3 Kb5 77. Rb8+ Kc5 78. Rb1 Kc6 79. Kc4 Kd6 80. Rd1 Ke6 81. Rxd4 1/2-1/2

[Event "EWICC 2019"]
[Site "Antalya"]
[Date "2019.04.11"]
[Round "1.34"]
[White "Ilyuchyk, Yana"]
[Black "Guichard, Pauline"]
[Result "1/2-1/2"]
[WhiteElo "2152"]
[BlackElo "2392"]
[Annotator "NA"]
[PlyCount "122"]
[EventDate "2019.04.11"]
[EventType "swiss"]
[EventCountry "TUR"]
[SourceTitle "playchess.com"]
[Source "ChessBase"]
[SourceQuality "1"]

1. e4 e5 2. Nf3 Nc6 3. Bb5 g6 4. O-O Bg7 5. c3 d6 6. d4 exd4 7. cxd4 a6 8. Ba4 b5 9. Bb3 Bg4 10. Be3 Na5 11. Nbd2 Nxb3 12. Qxb3 Ne7 13. h3 Bd7 14. Rac1 O-O 15. Bg5 Re8 16. Qc2 c5 17. dxc5 dxc5 18. b3 Rc8 19. Qd3 Rc6 20. Be3 c4 21. bxc4 Be6 22. Qxd8 Rxd8 23. cxb5 axb5 24. Rb1 Rb8 25. Nb3 Ra6 26. Bc5 Nc6 27. a3 Bc4 28. Rfd1 Bf8 29. Bxf8 Rxf8 30. Nbd4 Na7 31. Ne5 Rxa3 32. Nxc4 bxc4 33. Rdc1 Rc8 34. Rb4 c3 35. Kf1 Ra5 36. Ke2 Nc6 37. Nxc6 Ra2+ 38. Ke3 Rxc6 39. Rb3 Rf6 40. Rf1 Rc2 41. Rb8+ Kg7 42. Rc8 Rd6 43. h4 h5 44. g3 Rd7 45. Rc5 Kf6 46. Rc6+ Kg7 47. Rc5 Rb7 48. Kd3 Rd2+ 49. Ke3 Rc2 50. Kd3 Rbb2 51. Rxc3 Rxf2 52. Rxf2 Rxf2 53. Ke3 Rf1 54. Ke2 Ra1 55. Kf3 Kf6 56. Rb3 Rf1+ 57. Ke2 Rc1 58. Kf3 Rc5 59. Kf4 Rc6 60. Ra3 Ke6 61. Rb3 Ra6 1/2-1/2

[Event "EWICC 2019"]
[Site "Antalya"]
[Date "2019.04.11"]
[Round "1.35"]
[White "Vega Gutierrez, Sabrina"]
[Black "De Seroux, Camille"]
[Result "1-0"]
[WhiteElo "2391"]
[BlackElo "2151"]
[Annotator "NA"]
[PlyCount "83"]
[EventDate "2019.04.11"]
[EventType "swiss"]
[EventCountry "TUR"]
[SourceTitle "playchess.com"]
[Source "ChessBase"]
[SourceQuality "1"]

1. e4 c5 2. Nf3 g6 3. d4 cxd4 4. Nxd4 Bg7 5. c4 Nc6 6. Be3 Nf6 7. Nc3 Ng4 8. Qxg4 Nxd4 9. Qd1 e5 10. Qd2 d6 11. Bd3 O-O 12. O-O Be6 13. Ne2 Nc6 14. Rac1 f5 15. exf5 gxf5 16. Bh6 Qf6 17. Bxg7 Qxg7 18. f4 Rad8 19. Nc3 Kh8 20. Kh1 Rf6 21. Nd5 Bxd5 22. cxd5 Nd4 23. Rce1 Rg8 24. Rf2 Rg6 25. Bf1 Qf7 26. fxe5 Qxd5 27. e6 Qc5 28. b4 Qb6 29. e7 Re8 30. Qc3 Rg7 31. Rf4 Nc6 32. Rxf5 Qd4 33. Rf8+ Rg8 34. Rxg8+ Kxg8 35. Qg3+ Kf7 36. Qf3+ Qf6 37. Qh5+ Qg6 38. Qd5+ Kg7 39. Re6 Qf7 40. Bc4 Rxe7 41. Qg5+ Kf8 42. Rxe7 1-0

[Event "EWICC 2019"]
[Site "Antalya"]
[Date "2019.04.11"]
[Round "1.36"]
[White "Zubova, Mariya"]
[Black "Rapport, Jovana"]
[Result "1/2-1/2"]
[WhiteElo "2149"]
[BlackElo "2385"]
[Annotator "NA"]
[PlyCount "59"]
[EventDate "2019.04.11"]
[EventType "swiss"]
[EventCountry "TUR"]
[SourceTitle "playchess.com"]
[Source "ChessBase"]
[SourceQuality "1"]

1. e4 c6 2. d4 d5 3. exd5 cxd5 4. Nf3 Nf6 5. Ne5 g6 6. Bd3 Bg7 7. c3 Nc6 8. Qe2 Nd7 9. f4 Qc7 10. O-O Ndxe5 11. fxe5 Be6 12. Bf4 O-O 13. Nd2 Qd7 14. Rae1 Rae8 15. Qe3 f6 16. Nf3 Nd8 17. Bh6 Bg4 18. Bxg7 Kxg7 19. Nh4 Be6 20. Qg3 f5 21. Re3 Rf7 22. Ref3 Kh8 23. Nxg6+ hxg6 24. Qxg6 Rg7 25. Rh3+ Kg8 26. Qh5 Rf8 27. Qh8+ Kf7 28. Qh5+ Kg8 29. Qh8+ Kf7 30. Qh5+ 1/2-1/2

[Event "EWICC 2019"]
[Site "Antalya"]
[Date "2019.04.11"]
[Round "1.37"]
[White "Badelka, Olga"]
[Black "Berke, Ana"]
[Result "1-0"]
[WhiteElo "2381"]
[BlackElo "2146"]
[Annotator "NA"]
[PlyCount "50"]
[EventDate "2019.04.11"]
[EventType "swiss"]
[EventCountry "TUR"]
[SourceTitle "playchess.com"]
[Source "ChessBase"]
[SourceQuality "1"]

1. Nf3 c5 2. c4 Nc6 3. d4 cxd4 4. Nxd4 Nf6 5. Nc3 d6 6. e4 Nxd4 7. Qxd4 g6 8. Be2 Bg7 9. Bg5 O-O 10. Qd2 Be6 11. Rc1 Qa5 12. f3 Rfc8 13. b3 Kf8 14. Be3 a6 15. Na4 Qxd2+ 16. Kxd2 Nd7 17. g4 f5 18. gxf5 gxf5 19. Bd3 fxe4 20. Bxe4 Rab8 21. Bxh7 b5 22. cxb5 axb5 23. Nc3 Nf6 24. Bb1 b4 25. Ne2 Nd5 1-0

[Event "EWICC 2019"]
[Site "Antalya"]
[Date "2019.04.11"]
[Round "1.38"]
[White "Caglar, Sila"]
[Black "Zimina, Olga"]
[Result "1-0"]
[WhiteElo "2140"]
[BlackElo "2377"]
[Annotator "NA"]
[PlyCount "81"]
[EventDate "2019.04.11"]
[EventType "swiss"]
[EventCountry "TUR"]
[SourceTitle "playchess.com"]
[Source "ChessBase"]
[SourceQuality "1"]

1. e4 e5 2. Nf3 Nc6 3. d4 exd4 4. Nxd4 Bc5 5. Be3 Qf6 6. c3 Nge7 7. Bb5 Bb6 8. O-O O-O 9. a4 d5 10. Bxc6 bxc6 11. a5 Bc5 12. Nd2 Ba6 13. Re1 Bd6 14. N4f3 dxe4 15. Nxe4 Qg6 16. Bc5 Nf5 17. Nd4 Nh4 18. g3 Rfe8 19. Nxd6 Rxe1+ 20. Qxe1 cxd6 21. Bxa7 c5 22. Qe7 cxd4 23. Qxh4 d3 24. Be3 Qe6 25. Qd4 Qb3 26. Re1 Qxb2 27. Qb4 Qc2 28. Rb1 Rc8 29. Qb2 h6 30. Bd2 Qa4 31. Qb6 Bc4 32. Be3 Bd5 33. Qd4 Bc4 34. Qg4 f5 35. Qxf5 Qe8 36. Rb7 Ba6 37. Ra7 Bb5 38. Qg4 g5 39. Qf5 Bc4 40. Qh7+ Kf8 41. Qg7# 1-0

[Event "EWICC 2019"]
[Site "Antalya"]
[Date "2019.04.11"]
[Round "1.39"]
[White "Majdan, Joanna"]
[Black "Hapala, Elisabeth"]
[Result "1-0"]
[WhiteElo "2377"]
[BlackElo "2140"]
[Annotator "NA"]
[PlyCount "89"]
[EventDate "2019.04.11"]
[EventType "swiss"]
[EventCountry "TUR"]
[SourceTitle "playchess.com"]
[Source "ChessBase"]
[SourceQuality "1"]

1. e4 c5 2. Nf3 e6 3. d4 cxd4 4. Nxd4 Nc6 5. Nc3 Qc7 6. Be2 a6 7. O-O Nf6 8. Be3 Bb4 9. Na4 Be7 10. Nxc6 bxc6 11. Nb6 Rb8 12. Nxc8 Qxc8 13. Bd4 c5 14. Be5 Rb6 15. Bf3 d6 16. Bc3 O-O 17. a4 Nd7 18. a5 Rb8 19. Be2 Qc6 20. Qd3 Ra8 21. Rad1 Rfd8 22. f4 Bf8 23. b3 Rac8 24. Qxa6 Qxe4 25. Bd3 Qa8 26. f5 Qxa6 27. Bxa6 Rb8 28. fxe6 fxe6 29. Rde1 Re8 30. Be2 Nf6 31. a6 Ra8 32. Bxf6 gxf6 33. Rxf6 Kg7 34. Ref1 Ra7 35. Bb5 Rb8 36. Bd3 Re8 37. h4 d5 38. h5 Bd6 39. h6+ Kg8 40. Bb5 Rf8 41. Rxe6 Bf4 42. Rf3 Raf7 43. Bc6 d4 44. Bd5 Kh8 45. a7 1-0

[Event "EWICC 2019"]
[Site "Antalya"]
[Date "2019.04.11"]
[Round "1.40"]
[White "Duran, Esma Doga"]
[Black "Matnadze, Ana"]
[Result "0-1"]
[WhiteElo "2131"]
[BlackElo "2367"]
[Annotator "NA"]
[PlyCount "140"]
[EventDate "2019.04.11"]
[EventType "swiss"]
[EventCountry "TUR"]
[SourceTitle "playchess.com"]
[Source "ChessBase"]
[SourceQuality "1"]

1. d4 Nf6 2. c4 e6 3. Nf3 d5 4. g3 Bb4+ 5. Bd2 Be7 6. Bg2 c6 7. Bc3 dxc4 8. Ne5 O-O 9. a4 Nd5 10. Nxc4 a5 11. e4 Nxc3 12. Nxc3 b5 13. axb5 cxb5 14. e5 Ra7 15. Nxb5 Bb4+ 16. Ke2 Ba6 17. Nxa7 Bxc4+ 18. Ke3 f6 19. Rc1 Bd5 20. Rc8 Qd7 21. Rxf8+ Bxf8 22. Bxd5 Qxd5 23. exf6 e5 24. fxg7 exd4+ 25. Kd2 Bb4+ 26. Kc1 d3 27. Kb1 Nd7 28. f4 Nf6 29. Qc1 d2 30. Qc8+ Kxg7 31. Rd1 Ne4 32. Qc7+ Kf8 33. Qc8+ Kg7 34. Qc7+ Kf8 35. Qc8+ Kf7 36. Qc2 Nf2 37. Qc7+ Kg8 38. Qc8+ Kg7 39. Qc7+ Kg8 40. Qc8+ Kf7 41. Qc7+ Be7 42. Nc8 Qe4+ 43. Qc2 Qxc2+ 44. Kxc2 Nxd1 45. Kxd1 Bc5 46. Kxd2 Ke6 47. Kd3 Kd7 48. Kc4 Bg1 49. f5 Kxc8 50. h3 Kd7 51. Kb5 Bf2 52. g4 Be1 53. Kc5 Ke7 54. g5 Kf7 55. Kb5 Kg7 56. b3 Kf8 57. Kb6 Ke7 58. Kb5 Kf8 59. Kb6 Kg7 60. Kb5 Bh4 61. Kxa5 Bxg5 62. Kb5 Kf6 63. Kc4 Kxf5 64. Kd3 Kf4 65. Ke2 Kg3 66. Kf1 Be3 67. h4 h5 68. b4 Bb6 69. b5 Bc5 70. Ke2 Kxh4 0-1